[Event "AUT-chT2W 0405"]
[Site "Austria"]
[Date "2005.01.21"]
[Round "6.5"]
[White "Hosp, Reinhard"]
[Black "Mittelberger, Peter"]
[Result "1-0"]
[WhiteElo "2131"]
[BlackElo "2257"]
[PlyCount "75"]
[EventDate "2004.10.16"]
[EventType "team-tourn"]
[EventRounds "11"]
[EventCountry "AUT"]
[SourceTitle "EXT 2005"]
[Source "ChessBase"]
[SourceDate "2004.11.15"]
[SourceVersion "1"]
[SourceVersionDate "2004.11.15"]
[SourceQuality "1"]
[WhiteTeam "Reutte"]
[BlackTeam "Woergl"]
[WhiteTeamCountry "AUT"]
[BlackTeamCountry "AUT"]

1. e4 d6 2. c4 Nf6 3. Nc3 g6 4. d4 Bg7 5. Be2 c6 6. Be3 0-0 7. h3 a6 8. Nf3 b5 9. a3 bxc4 10. Bxc4 a5 11. 0-0 Ba6 12. b3 Nbd7 13. Rc1 Nb6 14. Ne2 Nxc4 15. bxc4 Nd7 16. Qc2 Nb6 17. Qa2 Rb8 18. Rc2 Na4 19. Rfc1 Qc7 20. Nf4 Rb7 21. c5 dxc5 22. Rxc5 Nxc5 23. Rxc5 Rb5 24. Qc2 Rxc5 25. Qxc5 Rc8 26. a4 e6 27. Bd2 Ra8 28. d5 Bf8 29. Qc1 exd5 30. Nxd5 Qd6 31. Bf4 Qc5 32. Nf6+ Kh8 33. Qa1 Bg7 34. Ng5 Qe7 35. Ngxh7 Qxe4 36. Bh6 Rg8 37. Bxg7+ Rxg7 38. Nxe4 1-0

[Event "AUT-chT2W 0405"]
[Site "Austria"]
[Date "2004.12.03"]
[Round "3.4"]
[White "Hosp, Reinhard"]
[Black "Herbrechtsmeier, Christof"]
[Result "1/2-1/2"]
[WhiteElo "2131"]
[BlackElo "2289"]
[PlyCount "32"]
[EventDate "2004.10.16"]
[EventType "team-tourn"]
[EventRounds "11"]
[EventCountry "AUT"]
[SourceTitle "EXT 2005"]
[Source "ChessBase"]
[SourceDate "2004.11.15"]
[SourceVersion "1"]
[SourceVersionDate "2004.11.15"]
[SourceQuality "1"]
[WhiteTeam "Reutte"]
[BlackTeam "Bregenz"]
[WhiteTeamCountry "AUT"]
[BlackTeamCountry "AUT"]

1. e4 c5 2. Nf3 Nc6 3. d4 cxd4 4. Nxd4 g6 5. Be3 Nf6 6. Nc3 Bg7 7. Be2 0-0 8. Nb3 d6 9. f3 Be6 10. Nd5 Bxd5 11. exd5 Na5 12. Qd2 Nxb3 13. axb3 a6 14. c4 Re8 15. 0-0 e6 16. dxe6 Rxe6 1/2-1/2

[Event "AUT-chT2W 9900"]
[Site "Austria"]
[Date "2000.03.04"]
[Round "10"]
[White "Mrsic, Robert"]
[Black "Hosp, Reinhard"]
[Result "0-1"]
[WhiteElo "1931"]
[BlackElo "2016"]
[PlyCount "110"]
[EventDate "1999.10.15"]
[EventType "team"]
[EventRounds "11"]
[EventCountry "AUT"]
[SourceTitle "EXT 2000"]
[Source "ChessBase"]
[SourceDate "1999.11.16"]
[SourceVersion "1"]
[SourceVersionDate "1999.11.16"]
[SourceQuality "1"]

1. e4 e6 2. d4 b6 3. Nf3 Bb7 4. Bd3 d6 5. 0-0 Nd7 6. Qe2 Ne7 7. Ba6 Bxa6 8. Qxa6 g6 9. Be3 Bg7 10. Nbd2 0-0 11. Rad1 h6 12. e5 Nd5 13. Rfe1 dxe5 14. dxe5 Qe7 15. a3 Rfd8 16. c4 Nxe3 17. Rxe3 Nc5 18. Qb5 a6 19. Qc6 Qd7 20. Qxd7 Rxd7 21. Rb1 Rad8 22. b4 Nd3 23. Nf1 b5 24. cxb5 axb5 25. g4 Rd5 26. Ng3 Nxe5 27. Nxe5 Bxe5 28. Ne4 Bd4 29. Rf3 f5 30. gxf5 exf5 31. Ng3 Be5 32. Rc1 Rd1+ 33. Rxd1 Rxd1+ 34. Kg2 Kg7 35. h4 Rc1 36. h5 Rc3 37. Rxc3 Bxc3 38. hxg6 Kxg6 39. Ne2 Bb2 40. Kf3 Kg5 41. Nf4 Be5 42. Ne6+ Kf6 43. Nc5 Bd4 44. Na6 Bb6 45. Nb8 Ke6 46. Nc6 h5 47. Kg2 Kd6 48. Nd8 Kd5 49. Nf7 Kc4 50. Nh6 f4 51. Ng8 h4 52. Nf6 Bd4 53. Nh5 Be5 54. Kh3 Kb3 55. Kxh4 Kxa3 0-1

[Event "AUT-chT2W 9900"]
[Site "Austria"]
[Date "2000.03.03"]
[Round "9"]
[White "Hosp, Reinhard"]
[Black "Huber, Martin"]
[Result "1-0"]
[WhiteElo "2016"]
[BlackElo "2230"]
[PlyCount "41"]
[EventDate "1999.10.15"]
[EventType "team"]
[EventRounds "11"]
[EventCountry "AUT"]
[SourceTitle "EXT 2000"]
[Source "ChessBase"]
[SourceDate "1999.11.16"]
[SourceVersion "1"]
[SourceVersionDate "1999.11.16"]
[SourceQuality "1"]

1. d4 f5 2. c4 Nf6 3. Nc3 g6 4. Bg5 Bg7 5. Nf3 d6 6. g3 0-0 7. Bg2 Nc6 8. h4 Ne4 9. Be3 e5 10. d5 Nxc3 11. bxc3 f4 12. dxc6 fxe3 13. Qd5+ Kh8 14. cxb7 Bxb7 15. Qxb7 e4 16. Nd4 c5 17. Qxg7+ Kxg7 18. Ne6+ Kh6 19. Nxd8 exf2+ 20. Kf1 Raxd8 21. Bxe4 1-0